[Event "BL2 Ost 2122 (Women)"]
[Site "Germany"]
[Date "2022.04.10"]
[Round "7.5"]
[White "Gebhardt, Christine"]
[Black "Anisheva, Varvara"]
[Result "0-1"]
[WhiteElo "1705"]
[BlackElo "2076"]
[PlyCount "59"]
[EventDate "2021.11.27"]
[EventType "team-tourn"]
[EventRounds "7"]
[EventCountry "GER"]
[SourceTitle "EXT 2023"]
[Source "ChessBase"]
[SourceDate "2022.10.05"]
[SourceVersion "1"]
[SourceVersionDate "2022.10.05"]
[SourceQuality "1"]
[WhiteTeam "Coswig (W)"]
[BlackTeam "Medizin Erfurt (W)"]
[WhiteTeamCountry "GER"]
[BlackTeamCountry "GER"]

1. e4 c5 2. d4 cxd4 3. c3 dxc3 4. Nxc3 Nc6 5. Nf3 d6 6. Bc4 e6 7. 0-0 a6 8. Qe2 b5 9. Bb3 Na5 10. Bc2 Bd7 11. Rd1 b4 12. Na4 Bb5 13. Qe3 Rc8 14. Bb3 Nc4 15. Bxc4 Rxc4 16. b3 Bxa4 17. bxa4 Qa8 18. Ng5 h6 19. Qh3 Be7 20. Nf3 Rxe4 21. Bb2 Nf6 22. Rac1 Re2 23. Ba1 0-0 24. Nd4 Rxa2 25. Nxe6 Rb8 26. Nd4 Ne4 27. Rf1 Rf8 28. Nc6 Bg5 29. Qg4 f5 30. Qe2 0-1

[Event "BL2 Ost 2122 (Women)"]
[Site "Germany"]
[Date "2022.04.09"]
[Round "6.5"]
[White "Domaske, Susann"]
[Black "Gebhardt, Christine"]
[Result "0-1"]
[WhiteElo "1817"]
[BlackElo "1705"]
[PlyCount "53"]
[EventDate "2021.11.27"]
[EventType "team-tourn"]
[EventRounds "7"]
[EventCountry "GER"]
[SourceTitle "EXT 2023"]
[Source "ChessBase"]
[SourceDate "2022.10.05"]
[SourceVersion "1"]
[SourceVersionDate "2022.10.05"]
[SourceQuality "1"]
[WhiteTeam "Merseburg (W)"]
[BlackTeam "Coswig (W)"]
[WhiteTeamCountry "GER"]
[BlackTeamCountry "GER"]

1. d4 d5 2. c4 e6 3. a3 c5 4. dxc5 Bxc5 5. cxd5 exd5 6. e3 Nf6 7. b4 Bd6 8. Bb5+ Nc6 9. Bb2 0-0 10. Nf3 a5 11. Bxc6 bxc6 12. Nd4 Bd7 13. Nc2 Ng4 14. h3 Qh4 15. Rf1 Ne5 16. bxa5 Rxa5 17. Qd4 Qxd4 18. Bxd4 c5 19. Bc3 Rb5 20. Ke2 Rb3 21. Rd1 Bb5+ 22. Kd2 Nd3 23. f3 Re8 24. a4 Ba6 25. Ra3 Rbb8 26. Ra1 d4 27. Nca3 0-1

[Event "Berlin Lichtenberger op 18th"]
[Site "Berlin"]
[Date "2019.08.23"]
[Round "7"]
[White "Bandsom, Olaf"]
[Black "Gebhardt, Christine"]
[Result "1/2-1/2"]
[WhiteElo "1784"]
[BlackElo "1663"]
[PlyCount "155"]
[EventDate "2019.08.17"]
[EventType "swiss"]
[EventRounds "9"]
[EventCountry "GER"]
[SourceTitle "EXT 2020"]
[Source "ChessBase"]
[SourceDate "2019.10.17"]
[SourceVersion "1"]
[SourceVersionDate "2019.10.17"]
[SourceQuality "1"]

1. e4 e6 2. d4 d5 3. Nc3 Nf6 4. exd5 exd5 5. Bd3 c5 6. dxc5 Bxc5 7. Qe2+ Be6 8. Bg5 0-0 9. Nf3 Nbd7 10. 0-0-0 Qa5 11. a3 Bxa3 12. Nb1 Bb4 13. Nd4 Rfe8 14. Nb3 Qc7 15. f3 h6 16. Be3 Rac8 17. Nd4 a6 18. Qf2 Nc5 19. c3 Ba5 20. Bc2 Bb6 21. Ne2 Bd7 22. Bd4 Bb5 23. Rhe1 Bxe2 24. Rxe2 Rxe2 25. Qxe2 Qf4+ 26. Nd2 Ncd7 27. g3 Qd6 28. Nb3 Bxd4 29. Rxd4 b5 30. Kb1 Re8 31. Qd1 Re3 32. Be4 Nxe4 33. Rxe4 Rxe4 34. fxe4 Nf6 35. exd5 Qxd5 36. Qxd5 Nxd5 37. Nc5 a5 38. Nb7 a4 39. Nd6 Nc7 40. Ka2 Kf8 41. Nf5 h5 42. Ka3 g6 43. Nd4 f5 44. Kb4 Ke7 45. Kc5 h4 46. Nf3 hxg3 47. hxg3 Ke6 48. Kc6 Nd5 49. Kxb5 a3 50. bxa3 Nxc3+ 51. Kc4 Nd5 52. Kd4 Nb6 53. Kc5 Nc8 54. a4 Kf6 55. a5 g5 56. Kd4 g4 57. Ne5 Na7 58. Nd7+ Ke7 59. Ke5 Kxd7 60. Kxf5 Ke7 61. Kxg4 Kf6 62. Kh5 Kg7 63. Kg5 Nb5 64. a6 Na7 65. Kf5 Nb5 66. g4 Na7 67. Ke6 Kg6 68. Kd7 Kg5 69. Kc7 Kxg4 70. Kb7 Nb5 71. Kb6 Nd6 72. Kc6 Nc8 73. Kb7 Nd6+ 74. Kc7 Nb5+ 75. Kb6 Nd6 76. a7 Nc8+ 77. Kb7 Nxa7 78. Kxa7 1/2-1/2

[Event "Berlin Lichtenberger op 18th"]
[Site "Berlin"]
[Date "2019.08.19"]
[Round "3"]
[White "Gebhardt, Christine"]
[Black "Ziems, Michael"]
[Result "0-1"]
[WhiteElo "1663"]
[BlackElo "1820"]
[PlyCount "76"]
[EventDate "2019.08.17"]
[EventType "swiss"]
[EventRounds "9"]
[EventCountry "GER"]
[SourceTitle "EXT 2020"]
[Source "ChessBase"]
[SourceDate "2019.10.17"]
[SourceVersion "1"]
[SourceVersionDate "2019.10.17"]
[SourceQuality "1"]

1. e4 e6 2. d3 d5 3. Nd2 c5 4. Ngf3 Nc6 5. g3 Nf6 6. Bg2 Be7 7. 0-0 b6 8. Re1 Bb7 9. e5 Nd7 10. Nf1 h6 11. Qe2 Qc7 12. c3 a5 13. Ne3 Ncxe5 14. Nxe5 Qxe5 15. Qg4 h5 16. Qa4 Qc7 17. h4 Bc6 18. Qd1 Nf6 19. Nc2 Ng4 20. Bf4 Bd6 21. Bxd6 Qxd6 22. Ne3 Nxe3 23. Rxe3 0-0-0 24. d4 g5 25. Qf3 f5 26. Rae1 Rde8 27. dxc5 bxc5 28. Qe2 Bd7 29. Re5 gxh4 30. gxh4 Reg8 31. f4 Rg4 32. Qf2 Rhg8 33. R1e2 Rxg2+ 34. Qxg2 Rxg2+ 35. Rxg2 Qa6 36. Rg6 Qc4 37. Rg8+ Kc7 38. Rg7 Kd6 0-1

[Event "Regionalliga Ost 1718 (Women)"]
[Site "Germany"]
[Date "2018.01.28"]
[Round "4.1"]
[White "Kosovska, Olena"]
[Black "Gebhardt, Christine"]
[Result "1/2-1/2"]
[WhiteElo "1880"]
[BlackElo "1656"]
[PlyCount "70"]
[EventDate "2017.10.15"]
[EventType "team-tourn"]
[EventRounds "5"]
[EventCountry "GER"]
[SourceTitle "CBM 183 Extra"]
[Source "ChessBase"]
[SourceDate "2018.04.19"]
[SourceVersion "1"]
[SourceVersionDate "2018.04.19"]
[SourceQuality "1"]
[WhiteTeam "Dresden Gruen Weiss (W)"]
[BlackTeam "Friedrichshagen (W)"]
[WhiteTeamCountry "GER"]
[BlackTeamCountry "GER"]

1. e4 e6 2. d4 d5 3. Nd2 dxe4 4. Nxe4 Bd7 5. Nf3 Bc6 6. Bd3 Bxe4 7. Bxe4 c6 8. c3 Nf6 9. Bc2 Bd6 10. 0-0 Nbd7 11. Re1 Qc7 12. Qd3 0-0-0 13. b4 e5 14. Qc4 Nd5 15. Bf5 f6 16. a4 g6 17. Be6 Rhe8 18. Bxd7+ Rxd7 19. dxe5 fxe5 20. Bh6 Rde7 21. h3 e4 22. Nd4 e3 23. fxe3 Nxe3 24. Bxe3 Rxe3 25. Rxe3 Rxe3 26. Rf1 Qe7 27. Nb5 Bg3 28. Nxa7+ Kb8 29. Nxc6+ bxc6 30. Qxc6 Re1 31. Qb5+ Kc8 32. Qc4+ Kb8 33. Qb5+ Kc8 34. Qc6+ Kb8 35. Qb6+ Kc8 1/2-1/2